Planning and Urban Design Standards. (Record no. 348986)

000 -LEADER
fixed length control field 00445 a2200169 4500
020 ## - INTERNATIONAL STANDARD BOOK NUMBER
International Standard Book Number 9780471475811
022 ## - INTERNATIONAL STANDARD SERIAL NUMBER
International Standard Serial Number 0471475815
082 ## - DEWEY DECIMAL CLASSIFICATION NUMBER
Classification number 711
090 ## - LOCALLY ASSIGNED LC-TYPE CALL NUMBER (OCLC); LOCAL CALL NUMBER (RLIN)
-- 6635
-- 6635
100 ## - MAIN ENTRY--PERSONAL NAME
Personal name Steiner,Frederick
245 ## - TITLE STATEMENT
Title Planning and Urban Design Standards.
Remainder of title Student edition.
Statement of responsibility, etc. Frederick Steiner.
250 ## - EDITION STATEMENT
Edition statement 1st.
260 ## - PUBLICATION, DISTRIBUTION, ETC.
Place of publication, distribution, etc. New Jersey.
Name of publisher, distributor, etc. John Wiley & Sons.
Date of publication, distribution, etc. 2006.
300 ## - PHYSICAL DESCRIPTION
Extent 436p.
500 ## - GENERAL NOTE
General note Paper cover
942 ## - ADDED ENTRY ELEMENTS (KOHA)
Institution code [OBSOLETE] NBS
Koha item type Book
Call number prefix 711 STE
Holdings
Withdrawn status Lost status Damaged status Not for loan Permanent Location Current Location Date acquired Total Checkouts Full call number Barcode Date last seen Price effective from Koha item type
        Central Library (CL) Central Library (CL) 08/28/2013   711 STE NBS8827 08/28/2013 08/28/2013 Book
© 2023 Central Library, National University of Sciences and Technology. All Rights Reserved.